940e-file program with 940 OLF (On-Line Filing) option : technical specifications guide for the electronic filing of Form 940, employer's federal unemployment (FUTA) tax return.

Bibliographic Details
Uniform Title:940e-file program with 940 OLF (On-Line Filing) option (Online)
Corporate Author: United States. Internal Revenue Service
Format: Government Document Serial
Language:English
Published: [Washington, D.C.?] : Dept. of the Treasury, Internal Revenue Service, [2002]-
Series:Publication (United States. Internal Revenue Service) ; 3715.
Subjects:
Online Access:2005
Latest issue only

MARC

Tag First Indicator Second Indicator Subfields
LEADER 00000cas a2200000 a 4500
001 in00002006643
005 20220106091211.0
006 m o d f
007 cr mn|||||||||
008 040909d20022005dcuuu of f0 0eng c
010 |a  2004232033 
035 |a (OCoLC)ocm56471973 
042 |a pcc 
043 |a n-us--- 
040 |a GPO  |b eng  |c GPO  |d OCLCQ  |d OCLCO  |d OCLCQ  |d OCLCF  |d GPO  |d MvI 
049 |a WWW 
074 |a 0964-B (online) 
088 |a 31092K 
086 0 |a T 22.44/2:3715 
130 0 |a 940e-file program with 940 OLF (On-Line Filing) option (Online) 
245 1 0 |a 940e-file program with 940 OLF (On-Line Filing) option :  |b technical specifications guide for the electronic filing of Form 940, employer's federal unemployment (FUTA) tax return. 
246 3 0 |a Technical specifications guide for the electronic filing of Form 940, employer's federal unemployment (FUTA) tax return 
260 |a [Washington, D.C.?] :  |b Dept. of the Treasury, Internal Revenue Service,  |c [2002]- 
336 |a text  |b txt  |2 rdacontent 
337 |a computer  |b c  |2 rdamedia 
338 |a online resource  |b cr  |2 rdacarrier 
362 0 |a 10-2002-. 
362 1 |a Ceased with 2005(?). 
490 1 |a Publication ;  |v 3715 
500 |a "Catalog Number 31092K." 
500 |a Title from title screen (viewed Sept. 8, 2004). 
538 |a Mode of access: Internet at the IRS web site. Address of latest issue as of 9/8/04: http://www.irs.gov/pub/irs-pdf/p3715.pdf; current access available via PURL. 
588 |a Latest issue consulted: Rev. 8-2005 (viewed Aug. 1, 2018). 
650 0 |a Electronic filing of tax returns  |z United States  |v Handbooks, manuals, etc. 
650 0 |a Business enterprises  |x Taxation  |z United States  |x Data processing  |v Handbooks, manuals, etc. 
650 0 |a Tax returns  |z United States  |x Data processing  |v Handbooks, manuals, etc. 
650 7 |a Electronic filing of tax returns.  |2 fast  |0 (OCoLC)fst00907196 
650 7 |a Tax returns  |x Data processing.  |2 fast  |0 (OCoLC)fst01143842 
651 7 |a United States.  |2 fast  |0 (OCoLC)fst01204155 
655 7 |a Handbooks and manuals.  |2 fast  |0 (OCoLC)fst01423877 
710 1 |a United States.  |b Internal Revenue Service. 
830 0 |a Publication (United States. Internal Revenue Service) ;  |v 3715. 
856 4 0 |3 2005  |u https://purl.fdlp.gov/GPO/LPS53715  |t 0 
856 4 0 |3 Latest issue only  |u https://purl.fdlp.gov/GPO/LPS53715  |t 0 
999 f f |s 0ab8fda1-4a27-395f-aace-caf7e35c2402  |i 0f42526b-5b74-3496-9d20-2e372db457f8  |t 0 
952 f f |a Texas A&M University  |b College Station  |c Electronic Resources  |d Available Online  |t 0  |e T 22.44/2:3715  |h Superintendent of Documents classification 
998 f f |a T 22.44/2:3715  |t 0  |l Available Online